| 000 | 00652nam a2200205 a 4500 | ||
|---|---|---|---|
| 001 | BRCA_338 | ||
| 005 | 20190320202951.0 | ||
| 008 | 861204s1986 kyua cb 000 0 eng | ||
| 020 | _a0891453121 (pbk.) | ||
| 040 |
_aDLC _cDLC _dDLC |
||
| 050 | 4 |
_aNK4315 _b.K38 1986 |
|
| 100 | 1 |
_aKatz-Marks, Mariann _91123 |
|
| 245 | 1 | 0 |
_aMajolica pottery _bAn identification and value guide _cMariann Katz-Marks _nSecond series |
| 260 |
_aPaducah, Kentucky. _bCollector Books _c1986 |
||
| 300 |
_a126, [2] p. _bil. a color _c22 cm. |
||
| 500 | _aDonación Consejo Británico | ||
| 650 | 1 | 4 |
_aMayólica _xColeccionistas y colecciones _91124 |
| 902 | _aDCB | ||
| 942 |
_2lcc _cB |
||
| 999 |
_c275 _d275 |
||